000 00482nam a2200157 i 4500
001 92208
003 ES-MaACL
005 20230906180923.0
007 t|
008 050223s1927 ja ||||1| spa d
245 0 0 _aLibro guía del Japón /
_ctraducido por el Instituto Japonés de Esperanto.
260 _aTokio :
_bMinisterio de Ferrocarriles del Estado,
_c1927.
300 _a102 p. :
_b1 plano ;
_c19 cm.
651 4 _aJapón-
_xDescripción.
_98884
852 4 _aES-MaACL
_jF-4128
999 _c92208
_d92208